000 00264nam a2200121 i 4500
001 bg
245 0 _aKinetika i mechanizm kristalizacii.
260 _aMinsk,
_c1973.
040 _cBPK
041 _apol
942 _cKS
008 s pl f |000 0 pol
999 _c25739
_d25739
856 _uhttp://koha.tu.koszalin.pl/cgi-bin/koha/opac-detail.pl?biblionumber=25739
_yKatalog online BPK